Programming from first principles / (Record no. 68566)

000 -LEADER
fixed length control field 00751cam a2200241 a 4500
001 - CONTROL NUMBER
control field 3351625
003 - CONTROL NUMBER IDENTIFIER
control field NUST - PNEC
005 - DATE AND TIME OF LATEST TRANSACTION
control field 20170116181056.0
008 - FIXED-LENGTH DATA ELEMENTS--GENERAL INFORMATION
fixed length control field 860716s1987 caua 001 0 eng
010 ## - LIBRARY OF CONGRESS CONTROL NUMBER
LC control number 86018706
020 ## - INTERNATIONAL STANDARD BOOK NUMBER
International Standard Book Number 0137291043 (pbk.)
040 ## - CATALOGING SOURCE
Original cataloging agency DLC
Transcribing agency LIBRARY
Modifying agency DLC
050 00 - LIBRARY OF CONGRESS CALL NUMBER
Classification number QA76.6
Item number .B66 1987
082 00 - DEWEY DECIMAL CLASSIFICATION NUMBER
Classification number 005.1 BOR
Edition number 19
100 1# - MAIN ENTRY--PERSONAL NAME
Personal name Bornat, Richard,
Dates associated with a name 1944-
245 10 - TITLE STATEMENT
Title Programming from first principles /
Statement of responsibility, etc. Richard Bornat.
260 ## - PUBLICATION, DISTRIBUTION, ETC.
Place of publication, distribution, etc. Englewood Cliffs, NJ :
Name of publisher, distributor, etc. Prentice-Hall International,
Date of publication, distribution, etc. c1987.
300 ## - PHYSICAL DESCRIPTION
Extent xviii, 538 p. :
Other physical details ill. ;
Dimensions 23 cm.
440 #0 - SERIES STATEMENT/ADDED ENTRY--TITLE
Title Prentice-Hall International series in computer science
500 ## - GENERAL NOTE
General note Includes indexes.
650 #0 - SUBJECT ADDED ENTRY--TOPICAL TERM
Topical term or geographic name entry element Computer programming.
General subdivision COMPUTER
942 ## - ADDED ENTRY ELEMENTS (KOHA)
Source of classification or shelving scheme
Koha item type Book
Holdings
Withdrawn status Lost status Source of classification or shelving scheme Damaged status Not for loan Permanent Location Current Location Shelving location Date acquired Total Checkouts Full call number Barcode Date last seen Price effective from Koha item type
          Pakistan Navy Engineering College (PNEC) Pakistan Navy Engineering College (PNEC)   10/01/2015   005.1 BOR PNECLIB-012198 10/01/2015   Book
© 2023 Central Library, National University of Sciences and Technology. All Rights Reserved.